书目信息 |
| 题名: |
中国汉族民间舞蹈的传统文化内涵及舞台运用价值研究
|
|
| 作者: | 陈清文, 著 | |
| 分册: | ||
| 出版信息: | 北京 九州出版社 2017 |
|
| 页数: | 130页 | |
| 开本: | 26cm | |
| 丛书名: | ||
| 单 册: | ||
| 中图分类: | J722.21 | |
| 科图分类: | ||
| 主题词: | 汉族--han zu--民间舞蹈--研究--中国 | |
| 电子资源: | ||
| ISBN: | 978-7-5108-5191-9 | |
| 000 | 01044nam0 2200265 450 | |
| 001 | 012001008099 | |
| 005 | 20131022102116.0 | |
| 010 | @a978-7-5108-5191-9@dCNY39.00 | |
| 099 | @aCAL 012017132264 | |
| 100 | @a20170821d2017 em y0chiy50 ea | |
| 101 | 0 | @achi |
| 102 | @aCN@b110000 | |
| 105 | @aa a 000yy | |
| 106 | @ar | |
| 200 | 1 | @a中国汉族民间舞蹈的传统文化内涵及舞台运用价值研究@Azhong guo han zu min jian wu dao de chuan tong wen hua nei han ji wu tai yun yong jia zhi yan jiu@f陈清文著 |
| 210 | @a北京@c九州出版社@d2017 | |
| 215 | @a130页@c图@d26cm | |
| 314 | @a陈清文, 现担任深圳大学讲师。 | |
| 320 | @a有书目 (第130页) | |
| 330 | @a本书共分为东北秧歌 ; 舞龙舞狮 ; 辽西太平鼓 ; 安塞腰鼓 ; 磁村花鼓 ; 大鼓凉伞六章, 其主要内容包括: 东北秧歌的起源 ; 东北秧歌的审判属性 ; 东北秧歌的文化风格 ; 舞龙舞狮概述 ; 舞龙舞狮的功能等。 | |
| 606 | 0 | @a汉族@Ahan zu@x民间舞蹈@x研究@y中国 |
| 690 | @aJ722.21@v5 | |
| 701 | 0 | @a陈清文,@Achen qing wen@f1985-@4著 |
| 801 | 2 | @aCN@b上海新华@c20191020 |
| 905 | @b1177920-3@dJ722.21@e236@f4 | |
| 中国汉族民间舞蹈的传统文化内涵及舞台运用价值研究/陈清文著.-北京:九州出版社,2017 |
| 130页:图;26cm |
| ISBN 978-7-5108-5191-9:CNY39.00 |
| 本书共分为东北秧歌 ; 舞龙舞狮 ; 辽西太平鼓 ; 安塞腰鼓 ; 磁村花鼓 ; 大鼓凉伞六章, 其主要内容包括: 东北秧歌的起源 ; 东北秧歌的审判属性 ; 东北秧歌的文化风格 ; 舞龙舞狮概述 ; 舞龙舞狮的功能等。 |
| ● |
| 相关链接 |
|
|
|
|
正题名:中国汉族民间舞蹈的传统文化内涵及舞台运用价值研究
索取号:J722.21/236
 
预约/预借
| 序号 | 登录号 | 条形码 | 馆藏地/架位号 | 状态 | 备注 |
| 1 | 1177920 | 211779208 | 第一样本阅览室/ [索取号:J722.21/236] | 在馆 | |
| 2 | 1177921 | 211779217 | 第一借阅区/ [索取号:J722.21/236] | 在馆 | |
| 3 | 1177922 | 211779226 | 第一借阅区/ [索取号:J722.21/236] | 在馆 | |
| 4 | 1177923 | 211779235 | 第一借阅区/ [索取号:J722.21/236] | 在馆 |